Diccionario español-inglés, inglés-español. / (Registro nro. 14219)

Detalles MARC
000 -LIDER
fixed length control field 01038nam a2200301 4500
001 - NÚMERO DE CONTROL
Identificador de número de control
003 - IDENTIFICACDOR DE NÚMERO DE CONTROL
control field DO-SdBNP
005 - DATE AND TIME OF LATEST TRANSACTION
control field 20220628111237.0
008 - ELEMENTOS DE LONGITUD FIJA
fixed length control field 040820s2004 sp | ||| ||spa
020 ## - ISBN
International Standard Book Number 8567015314
040 ## - FUENTE DE CATALOGACIÓN
Agencia que crea de manera original el registro BPMSU
Idioma de catalogación spa
Agencia que realiza la transcripción BPMSU
082 ## - NÚMERO DE CLASIFICACIÓN DECIMAL DE DEWEY
Classification number R463.2
Item number D545e 2004
Edition number 22
245 10 - MENCIÓN DE TITULO
Título Diccionario español-inglés, inglés-español. /
Mención de responsabilidad director Antonio Merodio Cogolludo; Editora Marisa Javierre González
246 13 - VARIACION DEL TÍTULO
Título propiamente dicho o título corto Diccionario de la lengua española
260 ## - PUBLICACIÓN, DISTRIBUCIÓN, ETC. (PIE DE IMPRENTA)
Lugar de publicación, distribución, etc Barcelona :
Nombre del editor, distribuidor, etc. Espasa Calpe,
Fecha de publicación, distribución, etc 2004
300 ## - DESCRIPCIÓN FÍSICA
Extensión v :
Otros detalles físicos il.;
Dimensiones 23 cm
490 0# - MENCIÓN DE SERIES
Mención de serie Biblioteca el mundo
Volume/sequential designation 25
505 0# - NOTA DE CONTENIDO
Texto normalizado de contenido v. 1 : Diccionario de la lengua española
534 ## - NOTA SOBRE LA VERSIÓN ORIGINAL
Asiento principal del original Título original :
Mención del título original Dictionary of beliefs and religions
590 ## - NOTA LOCAL
Enlace Inventariado, 2022/VM
650 #4 - ENCABEZAMIENTO DE MATERIA--TEMÁTICO
Término temático o nombre geográfico como elemento de entrada Español
Subdivisión de forma Diccionarios
Subdivisión temática general Inglés.
Fuente del encabezamiento o término
650 #4 - ENCABEZAMIENTO DE MATERIA--TEMÁTICO
Término temático o nombre geográfico como elemento de entrada Inglés
Subdivisión de forma Diccionarios
Subdivisión temática general Español.
700 1# - ASIENTO SECUNDARIO -- NOMBRE PERSONAL
Nombre personal Merodio Cogolludo, Antonio
Mención de responsabilidad director
700 1# - ASIENTO SECUNDARIO -- NOMBRE PERSONAL
Nombre personal Javierre González, Marisa
Mención de responsabilidad editora
710 2# - ASIENTO SECUNDARIO -- NOMBRE CORPORATIVO
Nombre corporativo o de jurisdicción Espasa Calpe
910 ## - VALIDACIÓN
Validación VMateo
942 ## - ADDED ENTRY ELEMENTS (KOHA)
Source of classification or shelving scheme Dewey Decimal Classification
Koha item type Libros
Existencias
Withdrawn status Lost status Source of classification or shelving scheme Damaged status Not for loan Collection code Home library Current library Date acquired Full call number Barcode Date last seen Copy number Price effective from Koha item type
    Dewey Decimal Classification     Colección de Referencia General Biblioteca Pública Metropolitana Salomé Ureña Biblioteca Pública Metropolitana Salomé Ureña 06/03/2022 BPMSU CGR R463.2 D545e 2004 BPMSU22060016 06/03/2022 v.25 06/03/2022 Libros
    Dewey Decimal Classification     Colección de Referencia General Biblioteca Pública Metropolitana Salomé Ureña Biblioteca Pública Metropolitana Salomé Ureña 06/03/2022 BPMSU CGR R463.2 D545e 2004 BPMSU22060017 06/03/2022 v.20 06/03/2022 Libros